Revista del Instituto Nacional de Racionalización del Trabajo. (Record no. 1921)
[ view plain ]
| 000 -LEADER | |
|---|---|
| campo de control de longitud fija | 01336nas a2200277 i 4500 |
| 001 - NÚMERO DE CONTROL | |
| campo de control | 1921 |
| 003 - IDENTIFICADOR DE NÚMERO DE CONTROL | |
| campo de control | ES-MaACL |
| 005 - FECHA Y HORA DE LA ÚLTIMA TRANSACCIÓN | |
| campo de control | 20250727151041.0 |
| 007 - CAMPO FIJO DE DESCRIPCIÓN FÍSICA--INFORMACIÓN GENERAL | |
| campo de control de longitud fija | t| |
| 008 - DATOS DE LONGITUD FIJA--INFORMACIÓN GENERAL | |
| campo de control de longitud fija | 950801c1948 sp | | 1 ||pa d |
| 245 00 - MENCIÓN DEL TÍTULO | |
| Título | Revista del Instituto Nacional de Racionalización del Trabajo. |
| 260 ## - PUBLICACIÓN, DISTRIBUCIÓN, ETC. | |
| Lugar de publicación, distribución, etc. | Madrid : |
| Nombre del editor, distribuidor, etc. | Consejo Superior de Investigaciones Científicas, Patronato "Juan de la Cierva", |
| Fecha de publicación, distribución, etc. | 1948- ( |
| Fabricante | Veritas) |
| 300 ## - DESCRIPCIÓN FÍSICA | |
| Extensión | 24 v. ; |
| Dimensiones | 30 cm. |
| 310 ## - PERIODICIDAD ACTUAL | |
| Periodicidad actual | Mensual |
| 321 ## - PERIODICIDAD ANTERIOR | |
| Periodicidad anterior | Bimestral, |
| Fechas de la periodicidad anterior | 1948-70 |
| 362 0# - FECHAS DE PUBLICACIÓN Y/O DESIGNACIÓN SECUENCIAL | |
| Fecha de publicación y/o designación secuencial | Año 1, n. 1 (jul./ag. 1948)-año 20, n. 3 (mayo/jun. 1967 ; Año 21, n. 115 (en.-feb. 1968)-Año 23, n. 132 (nov.-dic. 1970) ; 2ª etapa, n. 133 (en. 1971)-n. 154 (dic. 1972) |
| 650 14 - PUNTO DE ACCESO ADICIONAL DE MATERIA--TÉRMINO DE MATERIA | |
| Término de materia o nombre geográfico como elemento de entrada | Industria. Comunicaciones. |
| 9 (RLIN) | 13720 |
| 710 2# - ENTRADA AGREGADA--NOMBRE DE ENTIDAD CORPORATIVA | |
| Nombre de entidad corporativa o nombre de jurisdicción como elemento de entrada | Instituto Nacional de Racionalización del Trabajo (España) |
| 9 (RLIN) | 5185 |
| 710 2# - ENTRADA AGREGADA--NOMBRE DE ENTIDAD CORPORATIVA | |
| Nombre de entidad corporativa o nombre de jurisdicción como elemento de entrada | Consejo Superior de Investigaciones Científicas (España) |
| 9 (RLIN) | 3236 |
| 710 2# - ENTRADA AGREGADA--NOMBRE DE ENTIDAD CORPORATIVA | |
| Nombre de entidad corporativa o nombre de jurisdicción como elemento de entrada | Patronato Juan de la Cierva de Investigación Técnica |
| 9 (RLIN) | 6186 |
| 785 00 - ENTRADA/ENLACE A UN TÍTULO POSTERIOR | |
| Encabezamiento principal | I+E. Innovación-Empresa : revista del Instituto Nacional de Racionalización del Trabajo |
| Lugar, editor y fecha de publicación | 1971-1972 |
| 785 00 - ENTRADA/ENLACE A UN TÍTULO POSTERIOR | |
| Título | Racionalización, |
| Lugar, editor y fecha de publicación | 1968-1970 |
| 852 ## - LOCALIZACIÓN | |
| Ubicación | ES-MaACL |
| Número de control de estantería | Hem-958 |
| 866 #0 - MENCIÓN TEXTUAL DE FONDOS--UNIDAD BIBLIOGRÁFICA BÁSICA | |
| Fondos | 1948-62(1963f.n.4)(1964f.n.5)1965-66(1967f.n.4-6)(1968f.n.2)1969(1970f.may-jun.)(1971f.n.137-141)(1972f.n.146-149). |
| Estatus retirado | Estado de pérdida | Estado de daño | No para préstamo | Colección | Biblioteca de origen | Biblioteca actual | Ubicación en estantería | Fecha de adquisición | Fuente de adquisición | Total de préstamos | Signatura topográfica completa | Código de barras | Visto por última vez | Precio de reemplazo | Tipo de ítem Koha |
|---|---|---|---|---|---|---|---|---|---|---|---|---|---|---|---|
| Periódicos y Revistas | Biblioteca del Ateneo de Madrid | Biblioteca del Ateneo de Madrid | Depósito 1 | 17/01/2008 | Hem-958 | 1001960 | 23/02/2023 | 23/02/2023 | Revista |
